000
00283nam a2200121Ia 4500
008
220204s9999 xx 000 0 und d
082
_a
651.4/.9
_b
KUC
100
_a
Kuchhal, M C
245
0
_a
Secretarial practice
250
_a
Ed.2
260
_a
New Delhi
_b
Vikas
_c
1976
942
_c
BK
999
_c
24689
_d
24689